الجمل الفرعية في اللغة العربية بين تحليل سيبوية ونظرية تشومسكي التوليدية التحويلية / (رقم التسجيلة. 120118)

تفاصيل مارك
000 -الفاتح
عناصر البيانات ثابتة الطول 00744cam a2200181 i 4500
005 - تاريخ ووقت آخر معاملة
حقل ضبط 20260422100919.0
008 - عناصر البيانات ثابتة الطول
عناصر البيانات ثابتة الطول 250721s2008 ua gr 000 0 ara d
082 14 - رقم تصنيف ديوي العشري
رقم التصنيف 415.1
رقم المادة ع ب د
100 1# - مدخل رئيسي – اسم شخصي
الاسم الشخصي عبد الصاحب، معصومة
علاقة الشخص بالعمل/ دوره مؤلف.
245 10 - بيان العنوان
العنوان الجمل الفرعية في اللغة العربية بين تحليل سيبوية ونظرية تشومسكي التوليدية التحويلية /
بيان المسؤولية الدكتورة معصومة عبد المطلب.
264 31 - بيانات النشر، التوزيع…إلخ
مكان النشر، التوزيع...إلخ القاهرة :
اسم الناشر، الموزع...إلخ دار غريب للطباعة،
تاريخ النشر، التوزيع...إلخ 2008.
300 ## - الوصف المادي
عدد الوحدات المكونة للوعاء 252صفحة.
650 17 - مدخل إضافي بالموضوع - مصطلح موضوعي
مصطلح موضوعي أو اسم جغرافي كعنصر مدخل اللغة العربية .
650 17 - مدخل إضافي بالموضوع - مصطلح موضوعي
مصطلح موضوعي أو اسم جغرافي كعنصر مدخل قواعد اللغة.
650 17 - مدخل إضافي بالموضوع - مصطلح موضوعي
مصطلح موضوعي أو اسم جغرافي كعنصر مدخل الاعراب.
942 ## - بيانات إضافية (كوها)
نوع التنصيف Dewey Decimal Classification
نوع المادة (كوها) كتب
المقتنيات
حالة السحب حالة الفقدان مصدر التصنيف حالة التلف غير قابل للإعارة المكتبة الرئيسية المكتبة الحالية موقع الرف تاريخ التزويد الرقم المتسلسل Total Checkouts رقم الإستدعاء الباركود تاريخ آخر ظهور تاريخ الفاتورة نوع المادة (كوها)
    Dewey Decimal Classification     المكتبة المركزية المكتبة المركزية الإعارة 28/07/2025 1369040   415.1 / ع ب د PLD00147031 28/07/2025 28/07/2025 كتب
    Dewey Decimal Classification     المكتبة المركزية المكتبة المركزية مقتنيات قسم التزويد 28/07/2025 1369041   415.1/عبد   28/07/2025 28/07/2025 كتب
    Dewey Decimal Classification     المكتبة المركزية المكتبة المركزية مقتنيات قسم التزويد 28/07/2025 1480809   415.1/عبد   28/07/2025 28/07/2025 كتب
    Dewey Decimal Classification     مكتبة البراعم الواعدة مكتبة البراعم الواعدة الإعارة 19/05/2018 1653408   415.1/عبد PLD00421322 28/07/2025 19/05/2018 كتب
    Dewey Decimal Classification     مكتبة وادي السير العامة مكتبة وادي السير العامة الإعارة 12/05/2010 1369046   415.1/عبد PLD00147079 28/07/2025 12/05/2010 كتب
    Dewey Decimal Classification     مكتبة ومركز فرح مكتبة ومركز فرح الإعارة 12/05/2010 1369049   415.1/عبد PLD00147082 28/07/2025 12/05/2010 كتب
Implemented & Customized by: BBB with SCIT (Smart Chains for Information Technology)

Powered by Koha